000
00315nam a22001337a 4500
020
_a
978-981-4304-13-9
041
_a
ENG
100
_a
Shepherd.W
245
_a
Electricity Generation Using Wind Power
260
_a
New Jersey
_b
World Scientific
_c
2011
300
_a
243
650
_a
EOES
856
_u
EOES ( 39 )
999
_c
1276
_d
1276